[Event "Ryan gets murdered before vacay"]
[Site "http://www.queenalice.com/game.php?id=750227"]
[Date "2010.3.22"]
[Round "-"]
[White "rpnoyes"]
[Black "McNinja"]
[Result "0-1"]
[WhiteElo "1335"]
[BlackElo "2020"]

1. d3 e5 2. Be3 c5 3. Nc3 Nf6 4. Nh3 d5 5. Na4 Qa5+ 6. Bd2 Qxa4 7. b3 Qc6 8. Bc3
d4 9. Ba5 Bxh3 10. f3 Be6 11. Qd2 b6 12. b4 bxa5 13. bxc5 Qa4 14. a3 Bxc5 15.
Rb1 O-O 16. Rb7 Qxa3 17. Kd1 Na6 18. Qc1 Qa4 19. e4 dxe3 20. Be2 Bd5 21. d4 Bxb7
22. h4 Qxd4+ 23. Bd3 e4 24. fxe4 Nxe4 25. Rh3 Nf2+ 26. Ke2 Nxh3 27. gxh3 Qxh4
28. Qxe3 Bxe3 29. Kxe3 Rfe8+ 30. Kd2 Qf4+ 31. Kc3 Rac8+ 32. Kb3 Nc5+ 33. Ka2
Qa4+ 34. Kb1 Re1+ 35. Kb2 Nxd3+ 36. cxd3 Rc2# 0-1

[Event "Challenge"]
[Site "http://www.queenalice.com/game.php?id=756963"]
[Date "2010.4.6"]
[Round "-"]
[White "Ebbe"]
[Black "McNinja"]
[Result "0-1"]
[WhiteElo "1937"]
[BlackElo "1908"]

1. e4 e5 2. Nf3 Nc6 3. Bc4 Nf6 4. Ng5 d5 5. exd5 Nxd5 6. d3 h6 7. Ne4 Nf4 8.
Bxf4 exf4 9. a3 Be6 10. Bxe6 fxe6 11. Qh5+ Ke7 12. Qh4+ Kd7 13. Qxf4 Bd6 14.
Qf7+ Qe7 15. Qxe7+ Kxe7 16. b4 Nd4 17. O-O Nxc2 18. Ra2 Nd4 19. Nxd6 cxd6 20.
Nc3 a5 21. b5 Rac8 22. Ne2 Nxb5 23. Rb2 Nc3 24. Rxb7+ Kf6 25. Ng3 Rb8 26. Ra7 g5
27. Rxa5 e5 28. Ne4+ Nxe4 29. dxe4 Rb3 30. Ra6 Ke6 31. g3 Rc8 32. Rd1 Rd8 33. a4
Rb4 34. Kg2 Rxe4 35. a5 Rd4 36. Rb1 Rd2 37. Ra7 e4 38. Re1 Ke5 39. Re7+ Kd5 40.
R7xe4 Ra2 41. Re6 Rf8 42. R1e2 Rxa5 43. Rxh6 Ra6 44. Rh7 Rg8 45. Rd2+ Kc6 46. h4
gxh4 47. Rxh4 Rd8 48. Rh6 Ra4 49. f3 Kc5 50. Rc2+ Rc4 51. Rxc4+ Kxc4 52. Rh4+
Kc5 53. g4 d5 54. Rh5 Kc4 55. g5 d4 56. Kf2 Re8 57. Rh1 d3 58. g6 Re2+ 59. Kf1
Re8 60. g7 d2 61. Kf2 Kc3 62. g8=Q Rxg8 63. Ke2 Kc2 0-1

[Event "Challenge"]
[Site "http://www.queenalice.com/game.php?id=771852"]
[Date "2010.5.6"]
[Round "-"]
[White "eddval"]
[Black "McNinja"]
[Result "1-0"]
[WhiteElo "2034"]
[BlackElo "1918"]

1. e4 e5 2. Nf3 Nc6 3. d4 Nxd4 4. Nxe5 Nc6 5. Nxc6 bxc6 6. c4 Qf6 7. Nc3 Bb4 8.
Bd2 Ba6 9. Be2 Bc5 10. O-O Rb8 11. Qa4 Rb6 12. a3 Rxb2 13. Rad1 Bb7 14. Qa5 Bb6
15. Qh5 Ne7 16. Na4 Ra2 17. c5 Ba5 18. Bxa5 Rxe2 19. Qxe2 d5 20. Rb1 Ba8 21.
Rb8+ Kd7 22. Rxh8 Bb7 23. Rb1 Bc8 24. Qg4+ Nf5 25. exf5 Bb7 26. Bc3 Qh6 27. f6#
1-0

[Event "Challenge"]
[Site "http://www.queenalice.com/game.php?id=771860"]
[Date "2010.5.6"]
[Round "-"]
[White "eddval"]
[Black "McNinja"]
[Result "1-0"]
[WhiteElo "2055"]
[BlackElo "1905"]

1. d4 c5 2. d5 Nf6 3. c4 b5 4. cxb5 d6 5. Nc3 Bb7 6. e4 Qa5 7. Bd2 Qb4 8. Bd3
Nbd7 9. Nf3 Ne5 10. Nxe5 dxe5 11. Na4 Nxd5 12. Bxb4 Nxb4 13. Nxc5 Nxd3+ 14. Qxd3
Bc8 15. O-O-O Bg4 16. f3 Be6 17. Nxe6 fxe6 18. Qd7+ Kf7 19. Qb7 Re8 20. Qxa7 g6
21. b6 Bh6+ 22. Kb1 Ra8 23. Rd7 Rxa7 24. bxa7 Ra8 25. Rc1 Bxc1 26. Kxc1 g5 27.
b4 h5 28. b5 Ke8 29. Rb7 Kf7 30. b6 g4 31. Rb8 1-0

[Event "Challenge"]
[Site "http://www.queenalice.com/game.php?id=779728"]
[Date "2010.5.23"]
[Round "-"]
[White "ricma"]
[Black "McNinja"]
[Result "1-0"]
[WhiteElo "2046"]
[BlackElo "1904"]

1. Nf3 Nc6 2. g3 e5 3. d3 d5 4. Bg2 Nf6 5. O-O Bc5 6. Nbd2 e4 7. dxe4 dxe4 8.
Ng5 e3 9. Nde4 Nxe4 10. Qxd8+ Nxd8 11. Nxe4 Ne6 12. Nxc5 exf2+ 13. Rxf2 Nxc5 14.
Be3 Ne6 15. Raf1 O-O 16. Bd5 c6 17. Bb3 Bd7 18. a3 Rae8 19. Bxa7 Ng5 20. Kh1 Be6
21. Bxe6 Rxe6 22. Bb6 Ne4 23. Rg2 c5 24. Bc7 Rfe8 25. Bf4 c4 26. c3 Nf6 27. Rd1
h6 28. Re1 Rb6 29. Bc1 Ne4 30. e3 Ng5 31. Rd1 Rf6 32. Rd4 b5 33. Rd5 Nh3 34. Rc2
Rb8 35. Kg2 Ng5 36. Rf2 Ne4 37. Rf4 Rd6 38. Rd4 Rxd4 39. exd4 Re8 40. Rf3 Ng5
41. Bxg5 hxg5 42. Kf2 g6 43. Re3 Re6 44. Rxe6 fxe6 45. Kf3 Kf7 46. Kg4 Kf6 47.
h3 e5 48. dxe5+ Kxe5 49. Kxg5 Ke4 50. g4 Kd3 51. Kxg6 Kc2 52. g5 Kxb2 53. Kf6
Kxc3 54. g6 Kb2 55. g7 c3 56. g8=Q c2 57. Qg2 Kb1 58. Qe4 Kb2 59. Qe2 Kb1 60.
Qxb5+ Ka2 61. Qc4+ Kb2 62. h4 c1=Q 63. Qxc1+ Kxc1 64. h5 Kb2 65. h6 Kxa3 66. h7
1-0

[Event "Challenge"]
[Site "http://www.queenalice.com/game.php?id=781630"]
[Date "2010.5.27"]
[Round "-"]
[White "scaramouche"]
[Black "McNinja"]
[Result "1-0"]
[WhiteElo "1882"]
[BlackElo "1922"]

1. c4 e5 2. Nc3 Nf6 3. e4 Bc5 4. h3 b6 5. Nf3 d6 6. d3 Nc6 7. Be3 Bxe3 8. fxe3
Nh5 9. Kd2 O-O 10. Nxe5 Nxe5 11. Qxh5 f5 12. Qe2 Nc6 13. exf5 Rxf5 14. g4 Re5
15. Qg2 Bb7 16. Nd5 Na5 17. e4 Qg5+ 18. Kc2 c5 19. Qg3 Rf8 20. Re1 Bxd5 21. cxd5
Qg6 22. h4 h5 23. g5 Qe8 24. b3 Nb7 25. Bh3 c4 26. Be6+ Rxe6 27. dxe6 Qxe6 28.
Rhf1 cxb3+ 29. axb3 Na5 30. Rxf8+ Kxf8 31. Qf3+ Kg8 32. d4 g6 33. d5 Qc8+ 34.
Kb2 Nb7 35. Qf6 Qe8 36. e5 Nc5 37. Re3 dxe5 38. Ka3 e4 39. d6 Nd7 40. Qe7 Qxe7
41. dxe7 Kf7 42. Rxe4 Ke8 43. Kb4 Nc5 44. Re3 Na6+ 45. Kb5 Nb8 46. b4 a5 47.
Kxb6 axb4 48. Kb7 Nd7 49. Kc6 b3 50. Rxb3 Kxe7 51. Rb7 Ke6 52. Rxd7 Ke5 53. Rd5+
Kf4 54. Kd6 Kg3 55. Rd4 1-0

[Event "Challenge"]
[Site "http://www.queenalice.com/game.php?id=785711"]
[Date "2010.6.4"]
[Round "-"]
[White "Nyvang"]
[Black "McNinja"]
[Result "1-0"]
[WhiteElo "1879"]
[BlackElo "1895"]

1. d4 e5 2. e4 Nf6 3. Bg5 h6 4. Bxf6 Qxf6 5. Nf3 exd4 6. Qxd4 Qxd4 7. Nxd4 Bc5
8. Nf3 O-O 9. Bd3 d6 10. h3 Nc6 11. O-O Nd4 12. Nbd2 d5 13. Nxd4 Bxd4 14. c3 Bb6
15. exd5 Bd7 16. b4 Rad8 17. c4 Bd4 18. Rad1 Ba4 19. Rb1 b5 20. Nb3 Bc3 21. Nc5
c6 22. Ne4 Be5 23. Nc5 bxc4 24. Bxc4 Bb5 25. Bxb5 cxb5 26. Rfd1 Rc8 27. d6 Rfd8
28. d7 Bc3 29. dxc8=Q Rxc8 30. Rd7 1-0

[Event "AUTO-ADV-1790"]
[Site "http://www.queenalice.com/game.php?id=787427"]
[Date "2010.6.9"]
[Round "1"]
[White "KennyB"]
[Black "McNinja"]
[Result "1-0"]
[WhiteElo "1916"]
[BlackElo "1925"]

1. e4 e5 2. Nf3 Nc6 3. Nc3 Nf6 4. d4 exd4 5. Nxd4 Nxd4 6. Qxd4 c5 7. Qd1 b6 8.
Bc4 Bb7 9. O-O Nxe4 10. Nxe4 Bxe4 11. Re1 Qh4 12. Qe2 f5 13. Be3 Bd6 14. g3 Qf6
15. f3 Bc6 16. Bg5+ Kd8 17. Bxf6+ gxf6 18. Rad1 Be5 19. c3 Re8 20. Qf1 Rg8 21.
f4 Bc7 22. Bxg8 1-0

[Event "AUTO-ADV-1790"]
[Site "http://www.queenalice.com/game.php?id=787428"]
[Date "2010.6.9"]
[Round "1"]
[White "McNinja"]
[Black "KennyB"]
[Result "0-1"]
[WhiteElo "1894"]
[BlackElo "1960"]

1. e4 e6 2. d4 d5 3. e5 c5 4. Nf3 Nc6 5. Bb5 Qb6 6. Bxc6+ bxc6 7. c3 cxd4 8.
cxd4 c5 9. O-O cxd4 10. Nxd4 Bc5 11. Be3 Ne7 12. Nd2 Bxd4 13. Qa4+ Bd7 14. Qxd4
Qxd4 15. Bxd4 Nf5 16. Bc5 Bb5 17. Rfe1 Kd7 18. Nf3 Rhc8 19. Bd6 Nxd6 20. exd6 f6
21. Nd4 Bc4 22. Rxe6 Bd3 23. h3 Rc4 24. Re7+ Kxd6 25. Re6+ Kd7 26. Re3 Rxd4 27.
Rd1 Rb8 28. Rexd3 Rxd3 29. Rxd3 Kd6 30. b3 Rb7 31. f4 Kc5 32. g4 d4 33. Kf2 Kd5
34. Kf3 Rc7 35. Rd2 Rc3+ 36. Kg2 Ke4 37. f5 d3 38. Kf1 Ke3 39. Ke1 Rc2 0-1

[Event "AUTO-ADV-1790"]
[Site "http://www.queenalice.com/game.php?id=787443"]
[Date "2010.6.9"]
[Round "1"]
[White "Nias"]
[Black "McNinja"]
[Result "0-1"]
[WhiteElo "1425"]
[BlackElo "1911"]

1. e3 e5 2. c3 Nc6 3. Bc4 d5 4. Bb3 Nf6 5. f3 e4 6. d4 exd3 7. Qxd3 Bc5 8. Ne2
Be6 9. Nd2 O-O 10. g4 Re8 11. Nf1 Ne4 12. Nfg3 Nxg3 13. hxg3 g6 14. Ba4 a6 0-1

[Event "AUTO-ADV-1790"]
[Site "http://www.queenalice.com/game.php?id=787444"]
[Date "2010.6.9"]
[Round "1"]
[White "McNinja"]
[Black "Nias"]
[Result "1-0"]
[WhiteElo "1909"]
[BlackElo "1427"]

1. e4 e5 2. d4 exd4 3. Qxd4 Nc6 4. Qd1 Bc5 5. Nf3 h6 6. Bf4 d6 7. Bb5 Ne7 8.
Bxc6+ Nxc6 9. Nc3 Bb4 10. e5 O-O 11. O-O g5 12. Bg3 Bg4 13. h3 Bxf3 14. Qxf3 1-0

[Event "AUTO-ADV-1790"]
[Site "http://www.queenalice.com/game.php?id=787453"]
[Date "2010.6.9"]
[Round "1"]
[White "Buckeyechess101"]
[Black "McNinja"]
[Result "0-1"]
[WhiteElo "1566"]
[BlackElo "1920"]

1. e4 e5 2. Nf3 Nc6 3. d4 exd4 4. Nxd4 Nxd4 5. Qxd4 Nf6 6. Bc4 c5 7. Qe3 Bd6 8.
O-O O-O 9. Nd2 Re8 10. Re1 Qb6 11. b3 Be5 0-1

[Event "AUTO-ADV-1790"]
[Site "http://www.queenalice.com/game.php?id=787454"]
[Date "2010.6.9"]
[Round "1"]
[White "McNinja"]
[Black "Buckeyechess101"]
[Result "1-0"]
[WhiteElo "1913"]
[BlackElo "1676"]

1. e4 e5 2. d4 d6 3. dxe5 Be7 4. exd6 Qxd6 5. Nc3 Bd7 6. Bb5 Bxb5 7. Nxb5 Qxd1+
8. Kxd1 Na6 9. Bf4 O-O-O+ 10. Bd2 Nf6 11. f3 c6 12. Ne2 cxb5 13. c3 Rd7 14. Nd4
Nc7 15. Kc2 Rhd8 16. Be3 Ne6 17. Nxe6 1-0

[Event "Challenge"]
[Site "http://www.queenalice.com/game.php?id=809489"]
[Date "2010.7.27"]
[Round "-"]
[White "jorm"]
[Black "McNinja"]
[Result "1-0"]
[WhiteElo "1874"]
[BlackElo "1869"]

1. e4 e5 2. Nc3 Nf6 3. d4 Bb4 4. f3 exd4 5. Qxd4 Nc6 6. Qe3 d6 7. a3 Bxc3+ 8.
Qxc3 O-O 9. Be3 Re8 10. O-O-O d5 11. Bc4 Be6 12. exd5 Bxd5 13. g4 Qe7 14. Bf2
Nxg4 15. Nh3 Bxc4 16. fxg4 Qe4 17. Rhg1 Be6 18. Rde1 Qg6 19. Nf4 Qh6 20. Qg3 Qf6
21. Be3 Bc4 22. h4 Nd4 23. g5 Qd6 24. Rd1 Ne2+ 25. Nxe2 Qxg3 26. Rxg3 Bxe2 27.
Rd2 Bh5 28. b3 Re4 29. Rh2 a5 30. Bd2 b5 31. Rd3 g6 32. Rd7 c5 33. Rd5 Rc8 34.
Bxa5 b4 35. a4 Re1+ 36. Kb2 Bf3 37. Rhd2 Bxd5 38. Rxd5 Re4 39. Bd8 Rxh4 40. Be7
h6 41. Bxc5 hxg5 42. Rxg5 Rh5 43. Rxh5 gxh5 44. Bxb4 h4 45. a5 h3 46. Bd6 Ra8
47. b4 f5 48. c4 Re8 49. Kb3 Re4 50. a6 Re6 51. c5 f4 52. a7 Re8 53. Bb8 Re3+
54. Ka4 Re1 55. Be5 Kf7 56. a8=Q Rxe5 57. Qf3 Rh5 58. Qxh5+ 1-0

[Event "Challenge"]
[Site "http://www.queenalice.com/game.php?id=815779"]
[Date "2010.8.9"]
[Round "-"]
[White "enrikov"]
[Black "McNinja"]
[Result "0-1"]
[WhiteElo "1979"]
[BlackElo "1858"]

1. c4 e5 2. Nc3 Nf6 3. Nf3 Nc6 4. d4 exd4 5. Nxd4 Bc5 6. Nxc6 dxc6 7. Qc2 Qd4 8.
e3 Qh4 9. g3 Qg4 10. Bg2 Qxc4 11. Bf1 Qg4 12. Be2 Bf5 13. Qd1 Qg6 14. O-O O-O
15. a3 Rad8 16. Qe1 Bh3 17. b4 Bb6 18. Bb2 Bxf1 19. Bxf1 Rfe8 20. Bg2 Ng4 21.
Ne2 Nxe3 22. fxe3 Rxe3 23. Kh1 Qc2 24. Bxg7 Kxg7 0-1

[Event "QA-ANNIV-06"]
[Site "http://www.queenalice.com/game.php?id=836964"]
[Date "2010.9.23"]
[Round "2"]
[White "schwam"]
[Black "McNinja"]
[Result "1-0"]
[WhiteElo "2021"]
[BlackElo "1879"]

1. c4 e5 2. Nc3 Nf6 3. g3 Bc5 4. Bg2 d6 5. e3 Nc6 6. Nge2 Be6 7. d3 Bg4 8. h3
Bxe2 9. Qxe2 Bb4 10. Bd2 Bxc3 11. Bxc3 d5 12. c5 O-O 13. b4 Re8 14. O-O d4 15.
exd4 exd4 16. Qc2 dxc3 17. Qxc3 Nd4 18. Kh2 1-0

[Event "Challenge"]
[Site "http://www.queenalice.com/game.php?id=843364"]
[Date "2010.10.8"]
[Round "-"]
[White "enrikov"]
[Black "McNinja"]
[Result "1-0"]
[WhiteElo "1958"]
[BlackElo "1872"]

1. c4 e5 2. Nc3 Bb4 3. Nf3 Nc6 4. d4 Qf6 5. Bg5 Qf5 6. Bh4 d6 7. d5 Nd4 8. Nxd4
exd4 9. Qxd4 Nf6 10. a3 Bc5 11. Qd2 Ng4 12. e3 Qe5 13. Bg3 Qh5 14. Be2 Qg6 15.
Na4 O-O 16. b4 Qf6 17. O-O Bb6 18. c5 dxc5 19. bxc5 Bxc5 20. Nxc5 Ne5 21. e4 Rd8
22. f4 Nc6 23. Qe3 Nd4 24. Bd3 b6 25. e5 1-0